Mycoplasma diseases of crops: Basic and applied aspects (Record no. 40020)

MARC details
000 -LEADER
fixed length control field 00386nam a2200133Ia 4500
082 ## - DEWEY DECIMAL CLASSIFICATION NUMBER
Classification number 581.2:579.887
Item number MAR
100 ## - MAIN ENTRY--AUTHOR NAME
Personal name MARAMOROSCH, Karl
245 #0 - TITLE STATEMENT
Title Mycoplasma diseases of crops: Basic and applied aspects
260 ## - PUBLICATION, DISTRIBUTION, ETC. (IMPRINT)
Place of publication New York
Name of publisher Springer Verlag
Year of publication 1988
650 ## - SUBJECT ADDED ENTRY--TOPICAL TERM
Topical Term Mycoplasma disease
700 ## - ADDED ENTRY--PERSONAL NAME
Personal name RAYCHAUDHURI, S P
942 ## - ADDED ENTRY ELEMENTS (KOHA)
Koha item type Books
Holdings
Withdrawn status Lost status Damaged status Not for loan Home library Current library Date acquired Full call number Accession Number Koha item type
        RRII Library RRII Library 16/12/2021 581.2:579.887 MAR 20338 Books